000 00388nam a2200145Ia 4500
008 220204s9999 xx 000 0 und d
082 _a576.314(06)
_bMAR;1
100 _aCIFERRI, O
245 0 _aRegulation of cell membrane activities in plants.
260 _aAmsterdam
_bNorth Holland
_c1977
650 _aCell membrane
650 _aIon transport
700 _aMARRE, E
942 _cBK
999 _c26933
_d26933